Statistics for Zombies

Click here to take the quiz!

General Stats

  • This quiz has been taken 54 times
  • The average score is 9 of 17

Answer Stats

HintAnswer% Correct
The name of the ZombieZed
97%
The Name of The CheerleaderAddison
91%
What kind of Animal did Zoey get at the end what she wantedA Dog
84%
What kind of hair did the zombie haveGreen
72%
The song Addison shouts at the crowd, telling them it was their fault Zed transformed into a full zombie. She then rips off the wig exposing her naturally white hair.I'm gonna stand
63%
They song when the Cheerleader and the zombie meets in the Zombie safe room.Someday
63%
Was She wearing a wigYes
56%
What hair color was the wig?Blonde
53%
My year my year my year my year my year this going to be my ____Year
53%
What color is Addisons hair (Not the Wig)White
47%
What place did Addison live inSeabrook
44%
Oh i have a felling if you get to ____ meKnow
34%
The song they sing when Addison is invited by Zed to attend the zombie party in Zombietown with Eliza and BonzoBAMM
28%
What did Zed do this his Z - BandHacking
25%
He Accidently spilled something and they all turned intoZombies
25%
Done living life inside the _____ following the rules and playing niceLines
22%
When Addison and Bree start showing their sympathy to the zombies during a cheer, Bucky has them kicked offThe cheer squad
6%

Score Distribution

Percentile by Number Answered

Percent of People with Each Score

Your Score History

You have not taken this quiz